| 000 | 01097cam a2200277 a 4500 | ||
|---|---|---|---|
| 001 | 42972 | ||
| 003 | BD-RJUL | ||
| 005 | 20211209053626.0 | ||
| 008 | 160618s1962 enkab b f000 0 eng d | ||
| 035 | _aBD-RJUL 43090 | ||
| 040 |
_aBD-RjUL _beng _cBD-RjUL |
||
| 041 | _aeng | ||
| 082 |
_223 _a327.43 _bdoc 1962 |
||
| 090 |
_aDD240 _b.U55 Ser.D |
||
| 245 | 0 | 0 |
_aDocuments on German Foreign Policy, 1918-1945 : _bSeries D (1937-1945) / |
| 260 |
_aLondon : _bH.M.S.O, _c1962 |
||
| 300 |
_alxxxi, 1109 p. : _bill. ; _c24 cm. |
||
| 504 | _aIncludes bibliographical references. | ||
| 520 | _a"...Object of the publication was to 'establish the record of German foreign policy preceding and during World War 11 ...' based on documents from captured archivies of the German Foreign Minis. | ||
| 650 | 0 |
_aWorld War, 1939-1945 _zGermany. _9131958 |
|
| 651 | 0 |
_aGermany _xHistory _y1933-1945. _9131959 |
|
| 651 | 0 |
_aGermany _xForeign relations _y1933-1945. _9131960 |
|
| 651 | 0 |
_aGermany _xPolitics and government _y1933-1945. _9131961 |
|
| 710 | 1 |
_aGermany. _bAuswärtiges Amt. _9131962 |
|
| 942 |
_2ddc _cBK |
||
| 999 |
_c42972 _d42972 |
||